ASOIAF - Westerland House Sigils - Statistics

General Stats
  • This quiz has been taken 239 times
  • The average score is 21 of 45
Answer Stats
Hint Answer % Correct
Lion Lannister
100%
Three dogs Clegane
94%
Six seashells Westerling
86%
Red lion Reyne
84%
Boar Crakehall
82%
Coins checkered Payne
80%
Rooster Swyft
80%
Unicorn Brax
79%
Burning tree Marbrand
79%
Blue and white star Tarbeck
70%
Golden peak Lefford
69%
Badger Lydden
65%
Hooded man Banefort
63%
Three ships Farman
63%
Manticore Lorch
62%
Bull Prester
62%
Peacock Serrett
59%
Green shield Greenfield
58%
Three pepper pots Spicer
56%
Full helm on checks Broom
54%
Spoon Hetherspoon
51%
Crossed halberds Yarwyck
46%
Three purple circles Plumm
42%
Arrow Sarsfield
42%
Three lion heads Jast
41%
Crossed spears Stackspear
38%
Strawberries Turnberry
33%
Boars heads and lions Vikary
32%
Longbow Yew
29%
Ten stars Peckledon
28%
Wavy orange sash on black Ruttiger
27%
Brown and green strips Moreland
25%
Treecat Myatt
23%
Beetles Bettley
22%
Three crossbows Drox
22%
Ring of flowers, ring of thorns Hawthorne
22%
Two black lion heads Parren
22%
Wreath Allgood
20%
Unicorn and raven Doggett
20%
Fool juggling suns Falwell
19%
Four two-headed eagles Estern
17%
Red sword Foote
17%
Three owls Garner
17%
Two ferrets Ferren
15%
Ermine Hamell
14%
No matching quizzes found
Score Distribution
Percent of People with Each Score
Percentile by Number Answered
Your Score History
You have not taken this quiz